00254nam a22000857a 4500008004100000082001600041100003900057245005900096300001300155230606b xxu||||| |||| 00| 0 eng d a346.06bEAC cEast African Community Secretariat aEast African Community AnthembOne People, One Destiny a26 pages